[Event "Horgen CS"]
[Site "Horgen"]
[Date "1994.??.??"]
[Round "10"]
[White "Kasparov, Garry"]
[Black "Jussupow, Artur"]
[Result "1-0"]
[WhiteElo "2805"]
[BlackElo "2655"]
[Annotator "Jussupow,A"]
[PlyCount "71"]
[EventDate "1994.09.??"]
[EventType "tourn"]
[EventRounds "11"]
[EventCountry "SUI"]
[EventCategory "16"]
[SourceTitle "CBM 043"]
[Source "ChessBase"]
[SourceDate "1994.12.01"]
[SourceVersion "1"]
[SourceVersionDate "1994.12.01"]
[SourceQuality "1"]

1. e4 {Blatny,P Ftacnik Kasparov Short} e5 2. Nf3 Nc6 3. d4 exd4 4. Nxd4 Bc5 5.
Nxc6 Qf6 6. Qd2 dxc6 7. Nc3 Be6 8. Na4 $5 Rd8 (8... Bd6 {!?-Short/?!-Ftacnik}
9. Bd3 (9. f4 $140 Nh6 {Short} 10. e5 Bxe5 11. fxe5 Qh4+) 9... O-O-O 10. Qa5
$36 {Ftacnik}) 9. Bd3 (9. Qe2 $4 Bxf2+ 10. Qxf2 Rd1+ 11. Ke2 Bg4+ 12. Ke3 Qd4+
$19) (9. Qf4 $2 Bxf2+ 10. Kxf2 Qd4+ $19 {Blatny}) 9... Bd4 (9... Qd4 $6 10.
Nxc5 Qxc5 11. Qg5 Qxg5 12. Bxg5 f6 13. Bf4 Rd7 14. O-O-O $16 {Van der Wiel,
J-Ye Rongguan/Amsterdam op/1994}) 10. O-O (10. c3 Bxf2+ 11. Qxf2 Rxd3 (11...
Qxf2+ $6 12. Kxf2 Rxd3 13. Nc5 Rd8 14. Nxb7 Rb8 15. Nc5 Ne7 {Ftacnik} 16. b3
$16 {/\Ba3,Ne6}) 12. Qxf6 Nxf6 13. Nc5 Rd8 14. Nxb7 {Short} Rb8 $10 {Ftacnik}
15. Nc5 Nd7 $10) 10... a6 (10... Ne7 $6 11. c3 (11. Kh1 Qh4 12. f4 f5 {Ftacnik}
) 11... b5 (11... Bb6 12. Qe2 $16 {Kasparov}) (11... O-O $6 12. Qe2 $16 (12.
cxd4 $140 Qxd4 13. Qc2 Qxd3 14. Qxd3 Rxd3 15. Nc5 Rd4 16. Nxb7 Rxe4) (12. Qc2
$16)) (11... a6 $6 12. cxd4 (12. Qe2 Ba7 13. Be3 Bxe3 14. Qxe3 b6 {Ftacnik} 15.
f4 $40) 12... Qxd4 13. Qc2 Qxd3 14. Qxd3 Rxd3 15. Nc5 Rd4 (15... Rd8 16. Nxb7 {
Ftacnik}) 16. Be3 (16. Nxb7 Rxe4 17. Nc5 Re5 $13) 16... Rb4 17. b3 Bc8 18. f3
b6 19. Nd3 Rb5 20. Bf4 $36) (11... Be5 $2 12. f4 Bd4+ (12... Bc4 $4 13. fxe5
Qxf1+ 14. Bxf1 Rxd2 15. Bxd2 $18) 13. Kh1 $16 {+/= Ftacnik}) 12. cxd4 Qxd4 13.
Qc2 (13. Qa5 Qxa4 14. Qxa4 bxa4 {-13.Qc2}) 13... Qxa4 (13... bxa4 14. Be2 $16 {
Kasparov} (14. Rd1 $2 Bg4 $1 {Ftacnik}) 14... f5 $6 15. Bg5 Qxe4 16. Qc5 $1 $40
{Ftacnik}) (13... Qxd3 14. Qxd3 Rxd3 15. Nc5 Rd8 16. Bf4 $16 {Kasparov} Bc4 17.
Rfd1 $36 {Ftacnik}) 14. Qxa4 bxa4 15. Bc2 Bc4 (15... Rd4 $6 16. b3 $5 $16 (16.
Be3 Rc4 17. Rfc1 a6 18. b3 $14 {Ftacnik})) 16. Rd1 $1 (16. Re1 $6 Bb5 17. Be3
Nc8 18. Bc5 Nb6 19. Rad1 Rxd1 20. Rxd1 $14 {Kasparov-Short/London/PCA wcm/11/
1993} Nd7 $5 21. Bxa7 Nb6 22. Bb8 Na8 23. Ba7 {1/2-1/2/Golubev,M-Onischuk,A/
Alushta/2/1994}) 16... Bb5 (16... Rxd1+ 17. Bxd1 Bb5 18. Bf4 f5 (18... Kd8 19.
Bg4 $16 {Ftacnik}) 19. exf5 Nxf5 20. Bxc7 $16 {Kasparov}) 17. Be3 $5 (17. Bf4
Rd7 $14 {Ftacnik}) 17... Nc8 18. Rxd8+ Kxd8 19. Rd1+ $16) (10... Nh6 $5 11. c3
Ng4 12. cxd4 Qxd4 13. Qc2 Qxd3 14. Qxd3 Rxd3 15. Nc5 Rd4 {Ochoa de
Echaguen-Sharif,Me/Barcelona/1993} 16. f3 $1 Nf6 (16... Bc4 $5 17. Re1 (17.
fxg4 Bxf1 18. Be3 (18. Kxf1 b6 $13) 18... Rb4) 17... Ne5 (17... b6 18. Nb3 (18.
fxg4 bxc5 19. Be3 Rxe4 $14) 18... Bxb3 19. axb3 Nf6 (19... Ne5 $5) 20. Rxa7 Kd7
21. Be3 $16) 18. Nxb7 $16 (18. Be3)) 17. Nxb7 $16) (10... h6 $5 {Kasparov}) (
10... b5 11. Nc3 Ne7 12. Kh1 Qh4 13. Ne2 Bb6 14. a4 a6 15. Qf4 Qxf4 16. Nxf4 (
16. Bxf4 Kd7 $5) 16... Bc8 17. Be2 O-O 18. Nd3 f5 19. e5 Nd5 20. Bg5 Rde8 21.
Bh5 $14 {Chandler,M-Khalifman,A/Bundesliga/1993}) 11. Qa5 $5 $146 (11. Qb4 $6
b5 (11... Nh6 12. Qxb7 Ng4 $40 {Blatny}) 12. Nc5 a5 13. Qa3 Qe7 14. Nxe6 Qxa3
15. bxa3 fxe6 16. Rb1 Nf6 $36) (11. Kh1 c5 $5 {Blatny}) (11. Nc3 c5 $5 (11...
Ne7 12. Ne2 Bb6 (12... Bxb2 $6 13. Bxb2 Qxb2 14. Rab1 Qxa2 15. Rxb7 (15. Qc3 $5
O-O (15... Rxd3 {Ftacnik} 16. Qxd3 $16) 16. Qb4 {/\Ra1} (16. Ra1 $140 Rxd3))
15... O-O 16. Rxc7 Rfe8 $6 17. Qb4 a5 18. Qc5 Bd7 19. Nc3 Qe6 20. Ra1 $16 {
Ftacnik}) 13. Qf4 Ng6 {?-Kasparov/!-Short} (13... Qxf4 $142 14. Nxf4 Bc8 $14 {
Kasparov}) 14. Qxf6 (14. Qg3 h5 $1 15. Bg5 h4 16. Bxf6 hxg3 17. Bxd8 Bxf2+ 18.
Rxf2 gxf2+ 19. Kxf2 Kxd8 20. h3 c5 $10 {Short}) 14... gxf6 15. Ng3 (15. Bh6 Rg8
{Short}) (15. b3 {Speelman} Ne5 16. Bb2 Rg8 17. Nf4 Bd4 $10 {Short}) 15... h5
16. Be2 h4 17. Nf5 Bxf5 (17... O-O 18. Be3 (18. Bh6 Rfe8) 18... Bxe3 19. Nxe3
Rd4 $10 {Short} 20. f3 Nf4 21. Rfe1 $5 Rd2 22. Bf1 (22. Kf1 Rfd8 23. a3 $14 {
/\Rad1,g3}) 22... Rfd8 23. a3 $14 {/\Rad1}) 18. exf5 Ne5 19. Rd1 $5 (19. Re1
Kf8 {Kasparov,G-Short;N (17)/PCA-Wch London/1993} 20. Rd1 $142 (20. a4 a5 21.
Ra3 Rd4 22. Be3 Rb4 {Short}) 20... Rxd1+ 21. Bxd1 Kg7 22. Be2 Rd8 23. Kf1 Rd4
24. Be3 Re4 25. Bxb6 cxb6 26. Rd1 Rf4 27. g3 hxg3 28. hxg3 Rxf5 29. f4 $16 {
Kasparov/"The official book of the match"/}) 19... Rxd1+ 20. Bxd1 Ke7 21. Be2
Rd8 (21... Rg8 22. h3 Rd8 23. Kf1 $14) 22. Kf1 Bd4 $5 $14 (22... Rd4 23. Bh6
$16 {Kasparov})) 12. Nd5 (12. Kh1 c4 13. Be2 Ne7 $36 {Blatny}) 12... Bxd5 13.
exd5 Ne7 (13... Rxd5 $4 14. c3 Be5 15. Bb5+ axb5 16. Qxd5 $18 {Blatny}) 14. Re1
(14. c3 Be5 15. Re1 $13 {Blatny} Rxd5 16. Qe2 Bd6) 14... Rxd5 (14... O-O 15. c3
Be5 16. Qe2 $16) 15. Be4 (15. c3 $4 Bxf2+) 15... Bxb2 16. Bxd5 (16. Bxb2 Rxd2
17. Bxf6 gxf6 18. Bxb7 Rd6 $5 $44 (18... a5 $5) (18... Rxc2 $6 19. Bxa6 $16 {
Blatny})) 16... Bxa1 17. Bxb7 O-O (17... Bc3 $4 18. Bc6+ $18) 18. Qe2 Nc6 $10 {
Golubev,M-Onischuk,A/Alushta4/1994}) 11... b5 (11... b6 $5 12. Qh5 $13) (11...
Rd7 {Ftacnik} 12. Nc5 Bxc5 13. Qxc5 $14) (11... Qe5 {Ftacnik} 12. Qxe5 Bxe5 13.
Nc5 Bc8 14. Nb3 g6 15. f4 Bg7 $14) (11... Qe7 $5 {Blatny,P}) 12. Nc3 Bb6 13.
Qxa6 Nh6 14. Be3 $1 (14. Bxh6 {Ftacnik} gxh6 15. Rad1 (15. a4 $6 {Blatny,P} Rg8
16. e5 (16. a5 $4 Qf3 17. g3 Bh3 {/\Qg2#}) (16. Kh1 $2 Bh3 $1 $19) 16... Qf3
17. Be4 Rxg2+ 18. Kh1 Rxh2+ $1 19. Kxh2 Qh3+ 20. Kg1 Ke7 $1 21. Bxh7 $8 Qg3+
22. Kh1 Qh4+ 23. Kg1 Bh3 $19) (15. Kh1 Rg8 $40) 15... Rg8 $132) 14... Bc8 15.
Qa3 Bxe3 16. fxe3 Qe5 $2 (16... Qg5 $142 $5 17. Qa7 (17. e5 Qxe3+ (17... Ng4
18. Ne4 Qxe5 $13) 18. Kh1 Ng4 19. Ne4 $13) (17. Be2 Qxe3+ 18. Kh1 f6) 17... Qe5
18. Be2 O-O $44) (16... Qe7 {Ftacnik} 17. Qxe7+ Kxe7 18. h3 f6 19. b4 Nf7 20.
a4 bxa4 21. Nxa4 Ne5 22. Rfd1 Be6 23. Nc5 $16) 17. Be2 $1 $16 {פh6,Ke8} Rd6 (
17... Ng4 18. Bxg4 Bxg4 19. Qb4 $16 {/\a4} (19. Rf4 {Ftacnik} Bc8 20. Raf1 f6
$14)) (17... f6 18. Qb4 Kf7 19. a4 $16) 18. Rad1 O-O (18... f6 $5 {Ftacnik} 19.
Rxd6 Qxd6 20. Qxd6 cxd6 $14) 19. Rxd6 cxd6 20. Rd1 c5 (20... Rd8 $142 21. Qa5
Qe7 (21... Re8 {Ftacnik} 22. Qb6 $16) (21... Qg5 $1 {Blatny,P} 22. Qb6 Bg4 $14
{/\<=>}) 22. a4 $16 (22. e5 d5)) (20... Ng4 $2 21. Bxg4 Bxg4 22. Qxd6 Qg5 23.
Qg3 $18) 21. Nxb5 Bg4 (21... Qxe4 {Ftacnik} 22. Qd3 $16 Qxd3 {Blatny,P} 23.
Rxd3 Bf5 24. Rxd6 Bxc2 25. Rc6 $18 {_|_}) 22. Qd3 Qxb2 23. a4 Qb4 (23... Bxe2
$142 24. Qxe2 Qb4) 24. Bf3 $1 {פh6} Qxa4 25. Nxd6 Qb4 26. h3 Be6 (26... Bxf3 {
Ftacnik} 27. gxf3 $16) 27. e5 Qh4 (27... Kh8 $5 {/\Ng8-e7}) 28. Qe4 Qe7 29. Rb1
$18 f5 $138 (29... f6 $5 30. Rb7 $40) 30. Qc6 Kh8 31. Qxc5 Rc8 (31... Qg5 {
Blatny,P} 32. c4 $18 {_|_}) 32. Qxc8+ $1 Bxc8 33. Rb8 Ng8 34. Rxc8 Qa7 (34...
h5 35. Bd5 Qxe5 36. Nf7+ $18) (34... Qe6 {Ftacnik} 35. c4 $18) 35. Kh2 (35. Bd5
$4 {Blatny,P} Qxe3+ 36. Kf1 (36. Kh1 $4 Qe1+ 37. Kh2 Qxe5+ $19) 36... Qf4+ 37.
Bf3 $8 g5 $36) 35... Qe7 (35... Qxe3 36. Nf7#) (35... h5 36. Bd5 Qxe3 37. Rxg8+
Kh7 38. Rxg7+ Kh8 39. Rg3 $1 Qf4 40. Bg8 h4 41. Nf7#) (35... h6 {Blatny,P} 36.
Bd5) 36. Re8 (36. Re8 {Ftacnik} Qc7 37. Bd5 $18) 1-0

[Event "EU-Cup 24th"]
[Site "Kallithea"]
[Date "2008.10.20"]
[Round "4"]
[White "Najer, Evgeniy"]
[Black "Naiditsch, Arkadij"]
[Result "0-1"]
[WhiteElo "2682"]
[BlackElo "2678"]
[Annotator "Knaak,R"]
[PlyCount "56"]
[EventDate "2008.10.17"]
[EventType "team-swiss"]
[EventRounds "7"]
[EventCountry "GRE"]
[SourceTitle "CBM 127"]
[Source "ChessBase"]
[SourceDate "2008.11.13"]
[SourceVersion "1"]
[SourceVersionDate "2008.11.13"]
[SourceQuality "1"]
[WhiteTeam "Saransk"]
[BlackTeam "Baden-Baden"]
[WhiteTeamCountry "RUS"]
[BlackTeamCountry "GER"]

{Arkadij Naiditsch holte für Baden-Baden 5,5 aus 7 und spielte dabei eine
unterhaltsame Partie. Angesichts des schönen schwarzen Sieges übersieht man
leicht, dass der Weiße vielleicht eine bedeutsame Neuerung gebracht hat.} 1. e4
e5 2. Nf3 Nc6 3. d4 exd4 4. Nxd4 Bc5 5. Be3 Qf6 6. c3 Nge7 7. Bc4 Ne5 8. Be2
Qg6 9. O-O d6 10. f3 O-O 11. Kh1 d5 12. f4 $5 {Bisher erst einmal von
Movsesian gespielt.} ({Üblich ist} 12. Nd2 dxe4 13. fxe4 Bg4 {und Schwarz kann
zufrieden sein.}) 12... Qxe4 (12... Ng4 13. Bg1 Bxd4 14. f5 Qg5 15. Bxd4 Ne3
16. Bxe3 Qxe3 $13) 13. b4 $5 {Neuerung!} (13. Bg1 Nc4 14. Bf3 Qg6 15. Qe2 c6
16. a4 {1/2-1/2 Movsesian,S (2661)-Hracek,Z (2602)/Czechia 2001/EXT 2002})
13... Bb6 (13... Bxd4 14. Bxd4 {- 13...Bb6 14.Bg1 Bxd4}) 14. Bg1 Bh3 $6 {
Das läuft auf ein Figurenopfer hinaus.} ({Nun nicht} 14... Nc4 $2 {, denn nach}
15. Bxc4 dxc4 16. Re1 {geht der Ne7 verloren - daher der Zwischenzug 13.b4.}) (
{Auch} 14... Bxd4 {ist nicht ohne Risiko, aber notwendig:} 15. cxd4 (15. Bxd4
N5c6 (15... Nd7 $5) 16. Bd3 Qe6 17. f5 Qh6 18. f6 {behagte Naiditsch
vielleicht nicht, aber die Bewertung dieser Stellung ist völlig unklar.} Ng6
$13) 15... N5c6 16. b5 Na5 17. Bd3 Qe6 18. Qc2 $13 {[%cal Rc2c7,Rd3h7]}) 15.
Rf2 Bxd4 16. cxd4 Ng4 17. Rf3 $1 ({Nach} 17. Bxg4 Bxg4 18. Qxg4 Qxd4 {würde
Schwarz die Figur zurückgewinnen und behielte zwei Mehrbauern.}) 17... Bxg2+ {
Kein Opfer, sondern Notwendigkeit.} 18. Kxg2 Nf5 {Es droht eine Gabel auf e3.}
19. Qd2 $4 ({Nach} 19. Kh1 $1 {und z.B.} Rfe8 20. Bd3 Qe6 21. Nc3 {gibt es am
weißen Vorteil keinen Zweifel, aber die technische Realisierung wäre wegen der
schlechten Bauernstruktur nicht einfach.}) 19... Nh4+ $1 20. Kg3 Qg6 $1 21.
Kxh4 {Der König hat keine Wahl.} Nf6 $1 22. Re3 (22. Rg3 $2 Qh6+ 23. Bh5 Qxh5#)
(22. Rh3 $5 Ne4 23. Qc1 Qh6+ 24. Bh5 g6 25. Kg4 gxh5+ 26. Kf3 Qg6 27. Rh4 Nd6
28. f5 Nxf5 29. Rf4 Rae8 30. Bf2 Kh8 31. Qg1 Qf6 $17 {/-+}) 22... Qxg1 {
Weiß hat nun einfach nicht genug Zeit, um die restlichen Kräfte am Damenflügel
zu entwickeln.} 23. Bf3 Rae8 24. Re5 Ne4 25. Bxe4 Rxe5 26. dxe5 dxe4 27. a4 e3
28. Qe2 Re8 {[%cal Re8e6]} 0-1

[Event "World Women-ch"]
[Site "Jaen"]
[Date "1996.??.??"]
[Round "7"]
[White "Polgar, Zsuzsa"]
[Black "Xie, Jun"]
[Result "1-0"]
[WhiteElo "2550"]
[BlackElo "2530"]
[Annotator "Knaak,R"]
[PlyCount "87"]
[EventDate "1996.01.??"]
[EventType "match"]
[EventRounds "16"]
[EventCountry "ESP"]
[SourceTitle "CBM 052"]
[Source "ChessBase"]
[SourceDate "1996.06.01"]
[SourceVersion "1"]
[SourceVersionDate "1996.06.01"]
[SourceQuality "1"]

1. e4 {Ftacnik Blatny,P} e5 2. Nf3 Nc6 3. d4 {Mit diesem Zug entschied Zsuzsa
das Match.} exd4 4. Nxd4 Bc5 5. Nxc6 Qf6 6. Qd2 dxc6 7. Nc3 (7. Bd3 Be6 8. Nc3
(8. O-O O-O-O 9. Qe2 h5 10. e5 Qe7 11. Nd2 Nh6 $10 {Ehlvest,J-Fernandez Garcia,
J/Pamplona (02) ;EXP 30 1991/0-1 (49)}) 8... O-O-O 9. Qf4 Qxf4 10. Bxf4 Ne7 11.
Bd2 Bd4 $10 {Gyimesi,Z-Lukacs,P/Budapest FS MarGM (04) ;EXP 42 1994/1/2-1/2 
(55)}) (7. Bc4 Ne7 8. O-O O-O 9. Qg5 Qxg5 10. Bxg5 Ng6 $10 {0-1 Oral,T-Manafi,
R/WchJM U16 Duisburg (01) ;TD 92\06 1992}) 7... Be6 8. Na4 Bd6 {Weicht von
bekanntem Terrain und der 5. Partie ab, in der Weiß nach 8...Rd8 9.Bd3 Bd4 10.
c3 b5?! in Vorteil kam.} (8... Rd8 {-> 3rd, 5th game}) 9. Qe3 $5 {Das
ungarische Team hat die Hausaufgaben viel besser gemacht. Obwohl mit der
Nebenvariante 8...Bd6 nicht unbedingt zu rechnen war, hat Zsuzsa eine Neuerung
parat. Der Witz: Das geplante 9...0-0-0 ist wegen 10.Q:a7 verhindert.} Nh6 $5 (
9... Ne7 10. f4 Ng6 11. g3 {/\12.e5;12.f5}) 10. h3 {Eine harmonische
Aufstellung erreicht Weiß, wenn noch f2-f4 geschafft wird, doch im Moment muß
vor allem die Entwicklung beendet werden. Schwarz hingegen muß schnell zu
f7-f5 kommen, um die Aufstellung des Nh6 zu rechtfertigen.} O-O 11. Be2 (11. g4
$5 {Polgar,Z}) 11... Rfe8 (11... Qg6 12. g4 $1 (12. O-O f5) (12. Bd2 b5 13. Nc3
b4 14. Na4 f5 $13)) 12. Nc3 Qe5 $2 {Jetzt bekommt Weiß die oben erwähnte
Aufstellung gewissermaßen geschenkt. Nach} (12... Qg6 $1 {will mir für Weiß
nichts rechtes einfallen.} 13. Qg5 (13. g4 $6 Bd5 14. f3 f5 15. gxf5 Nxf5 16.
exf5 Qxf5 17. Ne4 Bxe4 18. fxe4 Rxe4 {sieht für Weiß recht böse aus.}) (13. f4
$6 Qxg2 14. Rg1 Qh2 (14... Qxh3 $5 15. Qxh3 Bxh3 16. f5 Bh2) 15. f5 Bxf5 $19) (
13. O-O f5 {/\ f4}) 13... f5 $13) (12... Be5 13. Bd2 Rad8 14. O-O Bd4 15. Qg3
Be5 16. Bg5 Bxg3 17. Bxf6 Bxf2+ 18. Rxf2 gxf6 19. Rxf6 Kg7 20. Raf1 $10) 13. f4
$1 Qa5 14. Bd2 Bb4 $6 (14... Bc5 $5 15. Qf3 f5 16. Nd5 $5 Qa4 (16... fxe4 17.
Nf6+ $1 gxf6 18. Qg3+ Ng4 19. Bxg4 $18) 17. Nxc7 fxe4 18. Qh5 $1 Bd4 19. Nxa8 (
19. Nxe8 e3 $13) 19... Rxa8 20. c3 $16) 15. a3 {[#]} Nf5 $2 (15... Rad8 16. Rd1
$16) (15... Rad8 $5) 16. exf5 Bc4 17. Qd4 (17. Ne4 Bxd2+ 18. Qxd2 Qxd2+ 19.
Kxd2 Rxe4 $10) (17. Bxc4 {Ftacnik} Rxe3+ 18. Bxe3 Bxc3+ $19) 17... Bxc3 (17...
Bxe2 18. Qxb4 $18) 18. Bxc3 Rxe2+ 19. Kf1 $1 {Das kann man schon mal übersehen:
Wegen der dreifachen Drohung Qg7#, Q:c4 und B:a5 besteht für Schwarz keine
Möglichkeit, den Abzug zu verwerten.} (19. Kd1 $2 Qd5) 19... Qxc3 (19... Re4+
20. Qxc4 Qxf5 21. Qd3 Rxf4+ 22. Kg1 $18) 20. bxc3 (20. Qxc3 Rxc2+ (20... Rxc2+
{Ftacnik} 21. Kg1 Rxc3 22. bxc3 Re8 $14)) 20... Re4+ 21. Kf2 Rxd4 22. cxd4 {
Die Partie ist vorüber: eine glatte Qualität im Endspiel kann nicht
kompensiert werden.} Rd8 23. Rhe1 Kf8 24. Re4 (24. c3 Rd6) 24... g6 25. f6 (25.
fxg6 hxg6 26. c3 {Ph3->}) 25... Rd6 26. Re7 Rxf6 27. Rxc7 Rxf4+ 28. Ke3 Rf6 29.
Rxb7 a6 30. Re1 Bf1 31. g4 g5 32. Rb6 Bg2 (32... Bxh3 33. d5 $18) 33. Rg1 Bd5
34. Rg3 Bc4 35. d5 Bxd5 36. Rxa6 Kg7 37. Ra7 Rf4 38. a4 Kf6 39. Kd2 Rf2+ 40.
Kc1 Ke5 41. a5 Kd4 42. Kb2 Kc4 43. Rb7 c5 44. Rb6 1-0

[Event "POL Supercup"]
[Site "Warsaw"]
[Date "2001.06.23"]
[Round "1"]
[White "Macieja, Bartlomiej"]
[Black "Staniszewski, Piotr"]
[Result "1-0"]
[WhiteElo "2608"]
[BlackElo "2448"]
[Annotator "Konikowski,J"]
[PlyCount "101"]
[EventDate "2001.06.23"]
[EventType "team"]
[EventRounds "2"]
[EventCountry "POL"]
[SourceTitle "CBM 084"]
[Source "ChessBase"]
[SourceDate "2001.09.13"]
[SourceVersion "1"]
[SourceVersionDate "2001.09.13"]
[SourceQuality "1"]

1. e4 e5 2. Nf3 Nc6 3. d4 exd4 4. Nxd4 Bc5 5. Nxc6 Qf6 6. Qd2 dxc6 7. Nc3 Ne7
8. Na4 Bd6 9. f4 Qe6 (9... O-O 10. Qf2 Qe6 11. Bd3 f5 12. e5 Nd5 13. O-O Be7
14. Nc5 Qf7 15. a3 Bxc5 16. Qxc5 Be6 17. Rd1 Rfd8 18. Be2 Qe8 19. c4 b6 20. Qf2
Ne7 21. Be3 a5 22. Rxd8 Rxd8 23. b4 $16 {Macieja,B-Grabarczyk,M/Warsaw 2001/})
10. Qd4 $146 {[%mdl 8]} (10. Qe3 f5 11. e5 Nd5 12. Qd4 Be7 13. Be2 O-O 14. a3
Rd8 15. Qf2 Qf7 16. O-O Qf8 17. c4 Nb6 18. Nxb6 axb6 19. a4 Be6 20. Be3 Bc5 21.
b3 Rd2 22. Rfd1 $14 {Balinov,I-Anic,D/Makarska 1997/}) 10... Nf5 11. Qd3 c5 12.
Nc3 O-O 13. g3 (13. Be2 Nd4 $11) 13... Re8 (13... Rd8 $5) 14. Bd2 Nd4 15. Bg2 (
15. O-O-O b6 $13) 15... Bd7 16. O-O Bc6 {[%cal Rc6e4,Re6e4,Re8e4,Gc3e4,Gd3e4,
Gg2e4]} 17. Rae1 Rad8 18. Nd5 f6 19. c3 Bb5 20. c4 Bc6 $2 (20... Ba6 $5 21. e5
fxe5 22. fxe5 Bxe5 23. Nxc7 Qxc4 24. Qxc4+ Bxc4 25. Nxe8 Ne2+ 26. Kh1 Rxd2 $13)
21. Bc3 Qd7 22. b4 Bxd5 (22... b6 23. bxc5 bxc5 24. Bxd4 cxd4 25. Qxd4 $16) 23.
cxd5 (23. exd5 $142 $1) 23... Qb5 24. Qd2 Qc4 25. Ba1 Qc2 26. Rf2 Qxd2 27. Rxd2
b6 (27... Nb5 28. a4 Na3 29. b5 $16) 28. h4 (28. Rc1 $5) 28... a5 (28... c6 29.
Red1 cxd5 30. Bxd4 cxd4 31. Rxd4 $16) 29. bxc5 bxc5 30. Bc3 (30. Rc1 $5) 30...
Nb5 31. Ba1 c4 (31... Nd4 $5) 32. Rc2 Bb4 {[%cal Yc4c3]} 33. Rd1 c3 34. Rcc1
Nd6 35. Bxc3 Nxe4 36. Bxb4 axb4 37. Rxc7 (37. Bxe4 $5 Rxe4 38. Rxc7 Re2 39. Ra7
$18) 37... Nc3 {[%cal Rc3d5,Rd8d5,Gd1d5,Gg2d5]} (37... Nxg3 $5) 38. Rd2 Re1+
39. Kf2 (39. Kh2 $5 Ra1 40. Bh3 Rxa2 41. Be6+ Kf8 42. Rxa2 Nxa2 43. Rf7+ Ke8
44. Rxg7 $18) 39... Ra1 40. d6 Rxa2 $4 (40... Kf8 $142 $16) 41. Rxa2 $18 Nxa2
42. Bd5+ Kf8 43. Bxa2 Rxd6 44. Bc4 (44. Ke2 $5) 44... Rd2+ 45. Ke3 Rc2 46. Kd4
b3 47. Rf7+ Kg8 (47... Ke8 48. Rxg7 b2 49. Rb7 $18) 48. Rb7+ (48. Bxb3 $142)
48... Kf8 49. Bxb3 Rb2 50. Kc3 (50. Kc5) 50... Rb1 (50... Rg2 51. Rf7+ Ke8 (
51... Kg8 52. Rxf6+ Kh8 53. Rf8#) 52. Rxg7 $18) 51. Kc2 1-0

[Event "Bad Endbach"]
[Site "Bad Endbach"]
[Date "1995.??.??"]
[Round "?"]
[White "Schmittdiel, Eckhard"]
[Black "Romanishin, Oleg M"]
[Result "0-1"]
[WhiteElo "2485"]
[BlackElo "2595"]
[Annotator "Kortschnoj,V"]
[PlyCount "56"]
[EventDate "1995.04.??"]
[EventType "tourn"]
[EventRounds "11"]
[EventCountry "GER"]
[EventCategory "11"]
[SourceTitle "CBM 047"]
[Source "ChessBase"]
[SourceDate "1995.08.01"]
[SourceVersion "1"]
[SourceVersionDate "1995.08.01"]
[SourceQuality "1"]

1. e4 e5 2. Nf3 Nc6 3. d4 exd4 4. Nxd4 Bc5 5. Be3 Qf6 6. c3 Qg6 $5 7. Qe2 (7.
Nb5 Bxe3 8. fxe3 Kd8 9. Nd2 Nf6 $15) 7... Nxd4 8. Bxd4 Bxd4 9. cxd4 Ne7 10. Nc3
O-O 11. O-O-O d5 {11...c6!?-Schmittdiel-Kupreichik} 12. exd5 Re8 13. Qe5 Bf5
14. Bc4 Nc6 (14... c6 $5 15. dxc6 Nxc6 $146) 15. Qg3 (15. Qxc7 Rac8 16. Qg3
Qh6+ 17. f4 Nb4 $146) 15... Qh6+ 16. f4 Na5 17. Bb5 c6 18. dxc6 bxc6 19. Ba4
$146 Nc4 20. Bb3 Na5 21. Ba4 Nc4 (21... Qd6 $5) 22. Bb3 Na5 23. Bc2 $6 (23. Ba4
) 23... Bxc2 24. Kxc2 Qd6 25. b3 c5 26. dxc5 Qxc5 27. Rd5 Qa3 28. Rhd1 Rac8 {
29.Kb1 Sc4 30.bc Tc4 31.Tb5 Tc3 32.De1! Tec8 33.Dd2=+} 0-1

[Event "POL-ch 54th"]
[Site "Sopot"]
[Date "1997.??.??"]
[Round "10"]
[White "Socko, Bartosz"]
[Black "Grabarczyk, Miroslaw"]
[Result "0-1"]
[WhiteElo "2435"]
[BlackElo "2480"]
[Annotator "Kortschnoj,V"]
[PlyCount "106"]
[EventDate "1997.03.18"]
[EventType "tourn"]
[EventRounds "15"]
[EventCountry "POL"]
[EventCategory "9"]
[SourceTitle "CBM 059"]
[Source "ChessBase"]
[SourceDate "1997.08.01"]
[SourceVersion "1"]
[SourceVersionDate "1997.08.01"]
[SourceQuality "1"]

1. e4 {Hecht} e5 2. Nf3 Nc6 3. d4 exd4 4. Nxd4 Nf6 5. Nxc6 bxc6 6. e5 Qe7 7.
Qe2 Nd5 8. c4 Nb6 9. b3 (9. Nd2 $142 $1) 9... g6 10. Bb2 Bg7 11. Nd2 d6 $1 12.
f4 O-O 13. g3 dxe5 14. Bg2 Bg4 $1 $15 15. Qe3 Rae8 16. O-O exf4 17. Qxe7 Rxe7
18. Bxg7 Kxg7 19. Rxf4 Rd8 (19... Bd7 20. Ne4 $44) 20. c5 $5 Nd5 21. Rxg4 Nf6
22. Re4 Nxe4 23. Nxe4 f5 24. Ng5 h6 25. Nf3 Re2 $44 26. a3 Kf6 27. Re1 (27. Bf1
Re3 28. Kf2 Rxb3 $17) (27. b4 Rb2 $44 (27... Re3 $44)) 27... Rxe1+ 28. Nxe1 {
Hecht: Versuchte Turmbeherrschung einschließlich dreier Freibauern durch die
weißen Figuren. Der Turm opfert sich und Schwarz gewinnt leicht mit 4
Freibauern gegen den Springer. Ganz witzig!} Rd1 29. Kf2 Rb1 30. b4 Rb3 31.
Bxc6 Rxa3 32. Ke2 (32. Bd5 Ke5 33. Bf7 g5 34. Nc2 Rc3 $17) (32. Bb5 a5 33. bxa5
Rxa5 $17) 32... Ra2+ 33. Ke3 Rxh2 34. Ng2 g5 (34... Rh1 {Hecht} 35. Nf4 Rb1 36.
Nd5+ Ke5 37. Nxc7 Rxb4 38. Na6 Rc4 39. Bb7 g5 40. c6 {ist zu prüfen.}) 35. Kf2
Ke5 36. Bf3 h5 (36... Rh1 {Hecht} 37. Ne1) 37. c6 Kd4 38. Kg1 Rh3 39. Kf2 Ke5
40. Ne3 (40. b5 h4 41. gxh4 gxh4 42. Be2 Rh1 $19) 40... h4 41. g4 fxg4 $1 (
41... f4 42. Nf1 Kd4 43. Kg2 Rxf3 44. Kxf3 Kc3 45. b5 Kc4 46. Nd2+ Kxb5 47. Ne4
a5 48. Nxg5 a4 49. Ne6 a3 50. Nd4+ Kc4 51. Nc2 a2 52. g5 Kc3 53. Na1 Kb2 54. g6
Kxa1 55. g7 Kb1 56. g8=Q a1=Q 57. Qh7+ Ka2 58. Qxc7 $11) 42. Bg2 (42. Bxg4 Rh2+
43. Kf3 Ra2 $17) 42... Rg3 43. b5 (43. Bh1 a6 $1 {(.)} 44. Bg2 Rxg2+ $19) 43...
Rxg2+ {Durchschlagen des gordischen Knotens...!} 44. Kxg2 (44. Nxg2 {Hecht} g3+
45. Kf3 Kd4 {[%csl Rb5,Rc6][%cal Ra7a1]}) 44... g3 $19 45. Nc4+ Kd5 46. b6 axb6
47. Nxb6+ Kxc6 48. Nc4 Kd5 49. Ne3+ Ke4 50. Nc4 c5 51. Kh3 Kd4 52. Nd2 c4 53.
Nf3+ Ke3 0-1